000 00243nam a2200109Ia 4500
999 _c9879
_d9879
020 _a978-8120337299
100 _aSathya Swaroop
245 0 _aBusiness Communication
260 _aNew Delhi
_bPrentice Hall
_c2002
300 _a318
942 _cBK